header

Monitoring ambient air quality for health impact assessment (Record no. 60119)

MARC details
000 -LEADER
fixed length control field 01447nam a22003494a 4500
082 04 - DEWEY DECIMAL CLASSIFICATION NUMBER
Classification number 363.739/263
245 00 - TITLE STATEMENT
Title Monitoring ambient air quality for health impact assessment
260 ## - PUBLICATION, DISTRIBUTION, ETC. (IMPRINT)
Place of publication Copenhagen :
Name of publisher World Health Organization, Regional Office for Europe,
Year of publication c1999.
300 ## - PHYSICAL DESCRIPTION
Number of Pages xvii, 196 p. :
Other physical details ill. (some col.).
490 1# - SERIES STATEMENT
Series statement WHO regional publications. European series,
650 #0 - SUBJECT ADDED ENTRY--TOPICAL TERM
Topical Term Air
Topical Term Air sampling apparatus.
Topical Term Health risk assessment.
Topical Term Air quality management.
700 1# - ADDED ENTRY--PERSONAL NAME
Personal name Breuer, David.
856 40 - ELECTRONIC LOCATION AND ACCESS
Uniform Resource Identifier http://site.ebrary.com/lib/rucke/Doc?id=10040315

No items available.

© 2026 Rongo University
Contact us: librarian | system librarian | Rongo university